| 000 | 00635nam a2200229 a 4500 | ||
|---|---|---|---|
| 005 | 20140310183452.0 | ||
| 008 | 090219s19uu xx 00 eng d | ||
| 020 | _a971-23-4487-8 | ||
| 050 |
_aRA 440 _b.Ad221 2007 |
||
| 100 | _aAdanza, Estela G. | ||
| 245 | _aResearch statistics for the health profession / | ||
| 260 |
_aManila, Philippines : _bRex Bookstore, _c2006. |
||
| 300 |
_a253 p. : _c23 cm. |
||
| 521 | _aNUR | ||
| 650 | _aNursing. | ||
| 650 |
_aEducational research _xStatistics. |
||
| 700 | _aReyes, Florencio V. | ||
| 700 | _aMartinez, Fe N. | ||
| 942 |
_cBK _2lcc _kLOC |
||
| 999 |
_c23441 _d23441 |
||